[Event "Chioggia op-B 13th"]
[Site "Chioggia"]
[Date "2018.09.30"]
[Round "5"]
[White "Tsiapouris, Alexander"]
[Black "Gazzola, Andrea"]
[Result "1/2-1/2"]
[WhiteElo "1613"]
[BlackElo "1447"]
[PlyCount "52"]
[EventDate "2018.09.28"]
[EventType "swiss"]
[EventRounds "5"]
[EventCountry "ITA"]
[SourceTitle "EXT 2022"]
[Source "ChessBase"]
[SourceDate "2021.10.06"]
[SourceVersion "1"]
[SourceVersionDate "2021.10.06"]
[SourceQuality "1"]

1. d4 d5 2. c4 c6 3. Nf3 Nf6 4. cxd5 cxd5 5. Nc3 e6 6. Bg5 Nbd7 7. e3 Be7 8. Bd3 b6 9. 0-0 Bb7 10. Qb1 h6 11. Bh4 Nh5 12. Bxe7 Qxe7 13. Nb5 0-0 14. Be2 Nhf6 15. Rc1 a6 16. Nc3 Rac8 17. a4 Rfd8 18. b4 e5 19. b5 a5 20. h3 Rc7 21. Nd1 Rdc8 22. Rxc7 Rxc7 23. dxe5 Nxe5 24. Nd4 Ne4 25. Ra2 Nc4 26. Qa1 Qg5 1/2-1/2

[Event "Chioggia op-B 13th"]
[Site "Chioggia"]
[Date "2018.09.30"]
[Round "4"]
[White "Zanirato, Stefano"]
[Black "Tsiapouris, Alexander"]
[Result "1-0"]
[WhiteElo "1871"]
[BlackElo "1613"]
[PlyCount "45"]
[EventDate "2018.09.28"]
[EventType "swiss"]
[EventRounds "5"]
[EventCountry "ITA"]
[SourceTitle "EXT 2022"]
[Source "ChessBase"]
[SourceDate "2021.10.06"]
[SourceVersion "1"]
[SourceVersionDate "2021.10.06"]
[SourceQuality "1"]

1. e4 e6 2. d4 d5 3. Bd3 Nf6 4. Bg5 Be7 5. e5 Nfd7 6. Bxe7 Qxe7 7. c3 c5 8. a3 Nc6 9. Nf3 cxd4 10. cxd4 f6 11. Qe2 fxe5 12. dxe5 0-0 13. Nbd2 Nc5 14. Bc2 b6 15. b4 Ba6 16. b5 Bb7 17. bxc6 Bxc6 18. h4 Rad8 19. Nd4 Bb7 20. Qg4 Qf7 21. N2f3 Ba6 22. Bxh7+ Kh8 23. Bg6 1-0

[Event "Chioggia op-B 13th"]
[Site "Chioggia"]
[Date "2018.09.29"]
[Round "2"]
[White "Vianello, Viviana Sofia"]
[Black "Tsiapouris, Alexander"]
[Result "0-1"]
[WhiteElo "1317"]
[BlackElo "1613"]
[PlyCount "114"]
[EventDate "2018.09.28"]
[EventType "swiss"]
[EventRounds "5"]
[EventCountry "ITA"]
[SourceTitle "EXT 2022"]
[Source "ChessBase"]
[SourceDate "2021.10.06"]
[SourceVersion "1"]
[SourceVersionDate "2021.10.06"]
[SourceQuality "1"]

1. e4 c6 2. d4 d5 3. e5 Bf5 4. Bd3 Bxd3 5. Qxd3 e6 6. Nf3 Qc7 7. 0-0 c5 8. c4 dxc4 9. Qxc4 Qb6 10. Nc3 cxd4 11. Qxd4 Bc5 12. Qg4 Bf8 13. Rd1 Nc6 14. Na4 Qc7 15. Qe4 Nge7 16. Nc5 Nd5 17. Nb3 g6 18. Nbd4 Nxd4 19. Qxd4 Bg7 20. Be3 0-0 21. Rac1 Qb8 22. Qe4 Re8 23. Bc5 f5 24. Qe2 Bh6 25. Bd6 Qd8 26. Rc2 Qa5 27. a3 Rac8 28. Nd4 Kf7 29. Rxc8 Rxc8 30. Nb3 Qa4 31. Nc5 Qc6 32. h3 b6 33. Nb3 Qc4 34. Qxc4 Rxc4 35. Nd4 a6 36. Kh2 Rc1 37. Rxc1 Bxc1 38. b3 Bb2 39. Nc6 Ke8 40. Kg3 a5 41. Kf3 Nc3 42. Nd4 Kd7 43. a4 Ne4 44. Nb5 Nxd6 45. Nxd6 Bxe5 46. Nb5 Kc6 47. Ke3 Kc5 48. Kd3 g5 49. g3 h5 50. Nc3 Bxc3 51. Kxc3 e5 52. f3 g4 53. fxg4 fxg4 54. hxg4 hxg4 55. Kd3 Kb4 56. Ke4 Kxb3 57. Kxe5 Kxa4 0-1

[Event "Schweinfurt op 26th"]
[Site "Schweinfurt"]
[Date "2016.05.29"]
[Round "7"]
[White "Tsiapouris, Alexander"]
[Black "Glok, David"]
[Result "1-0"]
[WhiteElo "1693"]
[BlackElo "915"]
[PlyCount "37"]
[EventDate "2016.05.26"]
[EventType "swiss"]
[EventRounds "7"]
[EventCountry "GER"]
[SourceTitle "CBM 172 Extra"]
[Source "ChessBase"]
[SourceDate "2016.06.21"]
[SourceVersion "1"]
[SourceVersionDate "2016.06.21"]
[SourceQuality "1"]

1. d4 Nf6 2. c4 c6 3. Nf3 d5 4. Bg5 e6 5. e3 Bb4+ 6. Nbd2 Nbd7 7. a3 Bxd2+ 8. Nxd2 Qb6 9. b4 Ne4 10. Nxe4 dxe4 11. c5 Qc7 12. Qg4 Nf6 13. Bxf6 e5 14. Qxg7 Rf8 15. Bxe5 Qd7 16. Bd6 Kd8 17. Qxf8+ Qe8 18. Bc7+ Kd7 19. Qd6# 1-0

[Event "Schweinfurt op 26th"]
[Site "Schweinfurt"]
[Date "2016.05.27"]
[Round "3"]
[White "Tsiapouris, Alexander"]
[Black "Schmidt, Markus"]
[Result "0-1"]
[WhiteElo "1693"]
[BlackElo "1901"]
[PlyCount "76"]
[EventDate "2016.05.26"]
[EventType "swiss"]
[EventRounds "7"]
[EventCountry "GER"]
[SourceTitle "CBM 172 Extra"]
[Source "ChessBase"]
[SourceDate "2016.06.21"]
[SourceVersion "1"]
[SourceVersionDate "2016.06.21"]
[SourceQuality "1"]

1. d4 Nf6 2. c4 g6 3. Nc3 Bg7 4. Bg5 h6 5. Bh4 g5 6. Bg3 Nh5 7. e3 Nxg3 8. hxg3 d6 9. Be2 c6 10. Bh5 Nd7 11. f4 Nf6 12. Bf3 g4 13. Be4 Nxe4 14. Nxe4 Bf5 15. Nf2 h5 16. Qd2 Qb6 17. Ne2 Rh6 18. Rc1 c5 19. b3 Rd8 20. d5 e6 21. e4 Bg6 22. 0-0 f5 23. exf5 Bxf5 24. Rce1 Kd7 25. Nc3 Qb4 26. dxe6+ Bxe6 27. Nfd1 Bd4+ 28. Kh2 Rh7 29. Re2 h4 30. Ree1 h3 31. gxh3 Rxh3+ 32. Kg2 Rdh8 33. Rh1 Qa5 34. Ref1 Qd8 35. Re1 Rh2+ 36. Rxh2 Rxh2+ 37. Kxh2 Qh8+ 38. Kg2 Qh3# 0-1

[Event "Rhein Main op-B 18th"]
[Site "Bad Homburg"]
[Date "2015.06.06"]
[Round "5"]
[White "Tsiapouris, Alexander"]
[Black "Groetzinger, Waldemar"]
[Result "1/2-1/2"]
[WhiteElo "1630"]
[BlackElo "1795"]
[PlyCount "63"]
[EventDate "2015.06.03"]
[EventType "swiss"]
[EventRounds "7"]
[EventCountry "GER"]
[SourceTitle "CBM 167 Extra"]
[Source "ChessBase"]
[SourceDate "2015.09.14"]
[SourceVersion "1"]
[SourceVersionDate "2015.09.14"]
[SourceQuality "1"]

1. d4 f5 2. c4 e6 3. Nc3 Nf6 4. Bg5 h6 5. Bd2 d5 6. e3 c6 7. Nf3 Bd6 8. cxd5 exd5 9. Ne5 0-0 10. Be2 Nbd7 11. f4 Ne4 12. Nxe4 fxe4 13. 0-0 Nxe5 14. fxe5 Be7 15. Bg4 Rxf1+ 16. Kxf1 Bxg4 17. Qxg4 Bg5 18. Kg1 Qb6 19. b4 Rf8 20. h4 Bd8 21. Rf1 Rxf1+ 22. Kxf1 Qa6+ 23. Ke1 Kf8 24. Qf5+ Ke7 25. e6 Kd6 26. Qe5+ Ke7 27. Qxg7+ Kxe6 28. Qxh6+ Kf7 29. Qh7+ Ke6 30. g4 Qxa2 31. Qf5+ Ke7 32. Qe5+ 1/2-1/2

[Event "Rhein Main op-B 18th"]
[Site "Bad Homburg"]
[Date "2015.06.04"]
[Round "2"]
[White "Fuchs, Benno"]
[Black "Tsiapouris, Alexander"]
[Result "1/2-1/2"]
[WhiteElo "1831"]
[BlackElo "1630"]
[PlyCount "117"]
[EventDate "2015.06.03"]
[EventType "swiss"]
[EventRounds "7"]
[EventCountry "GER"]
[SourceTitle "CBM 167 Extra"]
[Source "ChessBase"]
[SourceDate "2015.09.14"]
[SourceVersion "1"]
[SourceVersionDate "2015.09.14"]
[SourceQuality "1"]

1. e4 e6 2. d3 d5 3. Nd2 Nf6 4. Ngf3 c5 5. g3 Nc6 6. Bg2 Be7 7. 0-0 0-0 8. Re1 dxe4 9. dxe4 b6 10. e5 Nd7 11. Nd4 cxd4 12. Bxc6 Rb8 13. Nf3 Qc7 14. Nxd4 Nxe5 15. Bg2 Rd8 16. c3 Bd7 17. Bf4 Bd6 18. Qe2 Ng6 19. Be3 Rbc8 20. Red1 Qc4 21. Qh5 Qc5 22. Qf3 Qc7 23. Qe2 Qc4 24. Qxc4 Rxc4 25. Bf1 Rcc8 26. Ba6 Rb8 27. a4 Be8 28. b4 e5 29. Nb5 Bxb5 30. Bxb5 Bc7 31. Be2 Rxd1+ 32. Rxd1 Rd8 33. Rxd8+ Bxd8 34. c4 Be7 35. a5 Bxb4 36. axb6 axb6 37. Bxb6 Ne7 38. Bf3 Nc8 39. Be3 Kf8 40. Kg2 Ke7 41. g4 Kd6 42. g5 Bc5 43. Bd2 Nb6 44. Be2 Bd4 45. Bd3 g6 46. Bb4+ Bc5 47. Bxc5+ Kxc5 48. Kf3 Kd4 49. Be2 Nd7 50. Kg4 Nc5 51. Kf3 Ne4 52. h4 Nd2+ 53. Kg4 Nxc4 54. h5 Nd6 55. Bd1 e4 56. hxg6 hxg6 57. Bb3 e3 58. fxe3+ Kxe3 59. Bd5 1/2-1/2